A rede púrpura (Registo nº 199380)

Detalhes MARC
000 -Etiqueta do registo
Valores 00564nam 22002053 4500
010 ## - Número ISBN
ISBN 978-989-784-598-7
021 ## - Número do Depósito Legal
Número 500170/22
100 ## - Dados gerais de processamento
Dados gerais 20251203d u||y0pory50 ba
200 ## - Titulo e menção de responsabilidade
Título próprio A rede púrpura
Primeira menção de responsabilidade Carmen Mola
Outras menções de responsabilidade tradução de João Pedro Tapada
205 ## - Menção da edição
Edição
210 ## - Publicação
Local de publicação Lisboa
Nome do editor SUMA
Data de publicação 2022
215 ## - Descrição física 
Paginação / Volumes Vol. 2 (373 p.)
Outras indicações físicas brochado
Dimensões 23 cm
606 ## - Nome comum usado como assunto
ID Autoridade 8
Palavra de ordem Literatura Espanhola
675 ## - CDU
Notação 821.134.2-3
Edição PT
Língua por
700 ## - Autor principal (pessoa individual)
ID Autoridade 2519
Apelido Mola
Nome Carmen
801 ## - Fonte de origem
País PT
Agência BMMN
Regras de catalogação RPC
830 ## - Notas gerais do catalogador
Criado por Fernando
Indexado por Fernando
990 ## - Elementos KOHA
Tipo de documento Livro
Exemplares
Situação do levantamento Biblioteca de origem Código de barras Cota Permissão de empréstimo Tipo de documento Forma de aquisição
  Biblioteca Municipal de Montemor-o-Novo 28222 821.134.2-3 MOL|LG   Livro Compra

Powered by Koha